MDQL
is popping MORE tags! Check the
thread
!
Quizzes
Events
Quiz Creation
Community
Videos
Private Events
Remove Ads
Sign In
Join for FREE
Feedback
Dark Mode
Quiz Categories
Sports
Geography
Music
Movies
Television
Just For Fun
Miscellaneous
History
Literature
Language
Science
Gaming
Entertainment
Religion
Holiday
For Kids
Quiz Lab
Recent
Popular Today
Quiz Kudos Today
Editor Picks
Curator Picks
Quizzes by...
Day
Popularity
Type
Ratings
Length
Year
Community
Subscriptions
Recent Discussions
Orange Saloon
Badges
Playlists
Quests
Create
Leaderboards
Showdown
Live 5
Trivia Bingo
Activity
Puzzle Library
Sporcle Events
Private Events
Virtual Trivia
Globe League
Become a Host
Pub Owners
SporcleCon
Opinionation
Our Games
Videos
Blog
Mobile Apps
Partnerships
Remove Ads and Go Orange
Feedback
Gaming
Video Games
Board Games
Card Games
Pokémon
Mario
Nintendo
Minecraft
Console
Toys
Legend of Zelda
Gaming
Video Games
Board Games
Card Games
Pokémon
Mario
Nintendo
Minecraft
Console
Toys
Legend of Zelda
Random Quiz
Search Sporcle
×
Quiz Lab
Quiz Lab
Gaming
Legend of Zelda
Type in answers that appear in a list
Type in answers that appear in a list
Classic
Best Score? Go Orange.
3DS game by character Stats
Can you name the 3DS game by character?
By
24cabfan
6m
12 Questions
89 Plays
89 Plays
89 Plays
Comments
Comments
Give Quiz Kudos
Give Quiz Kudos
-
- Ratings
hide this ad
Forced Order
Answers have to be entered in order
Answers have to be entered in order
Replay
Link that replays current quiz
Next Quiz
Link to next quiz in quiz playlist
You Got
0%
They Got
Avg Score
31%
Avg Friend Score
Upgrade to see
Score Distribution
Jump to the score distribution portion of the page
Score
0/12
Timer
06:00
0
Plays Today
Character
Game
% Correct
Mario
Super mario 3d land.....
88.8%
Link
The Legend of Zelda Ocarina of Time
53.9%
Sonic
Sonic Generations
44.9%
Pit
Kid Icarus Uprising
30%
Luigi
Luigi's Mansion 2....
29.2%
Spyro
Skylanders Spyros Adventure
25.8%
Ryu
Super Street Fighter IV 3D Edition
22.5%
Rayman
Rayman 3D
19.1%
Snake
Metal Gear Solid Snaker Eater 3D
18.8%
Fox McCloud
Star fox 3D
16.9%
Pikachu
Pokemon Rumble Blast
15.7%
Aiai
Super monkey ball 3D
15.7%
Quiz Playlist
Details
Report
Send in Message
Add To Playlist
Classic:
Type in answers that appear in a list
Forced Order:
Answers have to be entered in order
Last Updated: Feb 16, 2017
Quiz Scoreboard
CHALLENGE
Sign Up to Join the Scoreboard
Show All
Scores
Hide
Comments
May contain spoilers
Recently Published
Two Season TV Shows II
by 123Four
Television
10m
Image Sorting: Flags VI
by Barbecue
Geography
2m
Find the 'City' Movie
by crazypaving
Movies
60s
More to Explore
Quiz From the Vault
Featured Blog Post
14 Easter Pick-up Lines to Find Eggs With
hide this ad
You Might Also Like...
Tags
Legend of Zelda Quiz
Mario Quiz
Nintendo Quiz
Pokémon Quiz
Character
Nintendo Games
Sonic the Hedgehog
Star Fox
Today's Top Quizzes in Gaming
Browse Gaming
hide this ad
Today's Top Quizzes in Legend of Zelda
Browse Legend of Zelda
Top Contributed Quizzes in Gaming
1
League of Legends Pro Players by Career/Team History
2
Destiny 2 exotic weapons by perk icons
3
Genshin Impact Logic Puzzle
4
Genshin murder mystery
5
Dead By Daylight Logic Puzzle
6
4x4 Decades: Video Games
7
Ultimate Genshin Impact Logic Puzzle (up to 4.3)
8
Overwatch Logic Puzzle
9
Who's on the WWE 2K24 Cover?
10
Overwatch 2: Ultimate Ability Icons
Explore More
Trending Topics
Kpop
Harry Potter
NBA
Crossword
Marvel
Disney
Anime
Soccer
NFL
Country
Puzzle
WWE
Pokémon
The Office
Song
hide this ad
More By:
24cabfan
Quiz
Plays
Rating
Category
Featured
Created
Mario Kart Wii Characters
49,250
4.69
Gaming
Mar 7, 2015
Big 4 Logos of the 1990s
42,190
4.28
Sports
Mar 31, 2020
Big 4 Logos of the 1980s
32,952
4.53
Sports
Mar 30, 2020
Big 4 Logos of the 1970s
32,864
4.70
Sports
Mar 27, 2020
Big 4 Logos of the 2000s
27,442
4.46
Sports
Apr 9, 2020
Go to Creator's Profile
Score Distribution
Quiz Creator Spotlight
24cabfan
Follow
Send a Message
Quizzes Created
-
Created Quiz Play Count
-
More By This Creator
Popular Quizzes Today
1
Colored Red Africa Blitz
2
Find the US States - No Outlines Minefield
3
Find the 'City' Movie
4
5x2 Blitz: Bands
5
The Countries of the World
6
Find the US States
7
Find the Countries of Europe - No Outlines Minefield
8
US States
More Gaming Quizzes
Heroes of the Storm: Find the StarCraft Heroes
Quiz Lab
Trending Quizzes
Colored Red Europe Blitz I
Colored Red Africa Blitz II
Colored Red Europe Blitz II
Colored Red Africa Blitz III
Colored Red Europe Blitz III
Recently Updated
How Do You Spell That?
pecheneg
Godzilla Movies
pecheneg
Grab Bag: 4-10 Letters
pecheneg
2024 March Madness Bracket
pecheneg
Famous TV Couples
Peacemaker
Champions League XIs: Real Madrid
pecheneg
Largest US Cities 1790-2010
pecheneg
Rides in Walt Disney World
pecheneg
Most Oscar Losses (Acting)
pecheneg
Beyoncé Albums
pecheneg
Trending Topics
NBA
Disney
Marvel
Anime
Crossword
Harry Potter
Kpop
Song
WWE
Country
NFL
Soccer
Pokémon
The Office
Puzzle
Your Account Isn't Verified!
In order to create a playlist on Sporcle, you need to verify the email address you used during registration. Go to your
Sporcle Settings
to finish the process.
Report this User
Report this user for behavior that violates our
Community Guidelines
.
Details:
Send Report
Go to the Sporcle.com Mobile Site →
Comments